[Event "ESP-ch U16 rapid"]
[Site "Salobrena"]
[Date "2023.07.30"]
[Round "8"]
[White "Martinez Rodriguez, Francisco Salvador"]
[Black "Calvo Gonzalez, Jose Felix"]
[Result "1-0"]
[WhiteElo "1944"]
[BlackElo "1960"]
[PlyCount "71"]
[EventDate "2023.07.29"]
[EventType "swiss (rapid)"]
[EventRounds "9"]
[EventCountry "ESP"]
[SourceTitle "EXT 2024"]
[Source "ChessBase"]
[SourceDate "2023.10.10"]
[SourceVersion "1"]
[SourceVersionDate "2023.10.10"]
[SourceQuality "1"]

1. e4 e5 2. Nf3 Nc6 3. Bc4 Bc5 4. c3 Nf6 5. d3 a6 6. Bb3 Ba7 7. Nbd2 d6 8. 0-0 0-0 9. h3 Ne7 10. Re1 Ng6 11. Nf1 Qe7 12. Ng3 Be6 13. Bc2 Rad8 14. Nf5 Qd7 15. g4 Bxf5 16. gxf5 Nf4 17. Bxf4 exf4 18. Ng5 h6 19. Nf3 Nh7 20. Bb3 Qe7 21. Qd2 Ng5 22. Nxg5 Qxg5+ 23. Kh2 Qh4 24. d4 c5 25. Rg1 cxd4 26. cxd4 d5 27. Rg4 Qf6 28. e5 Qxf5 29. Bc2 Qd7 30. Qd3 g6 31. Rag1 Rfe8 32. Rxg6+ Kf8 33. Rf6 Ke7 34. Rxf7+ Kxf7 35. Qh7+ Ke6 36. Rg6# 1-0

[Event "ESP-ch U16 rapid"]
[Site "Salobrena"]
[Date "2023.07.30"]
[Round "5"]
[White "Martinez Rodriguez, Francisco Salvador"]
[Black "Cayon Pelaez, Pablo"]
[Result "0-1"]
[WhiteElo "1944"]
[BlackElo "1960"]
[PlyCount "126"]
[EventDate "2023.07.29"]
[EventType "swiss (rapid)"]
[EventRounds "9"]
[EventCountry "ESP"]
[SourceTitle "EXT 2024"]
[Source "ChessBase"]
[SourceDate "2023.10.10"]
[SourceVersion "1"]
[SourceVersionDate "2023.10.10"]
[SourceQuality "1"]

1. e4 e5 2. Nf3 Nc6 3. Bc4 Bc5 4. 0-0 Nf6 5. d4 exd4 6. e5 d5 7. exf6 dxc4 8. fxg7 Rg8 9. Re1+ Be6 10. Ng5 Qd5 11. Nxh7 Be7 12. Bh6 0-0-0 13. Nf8 Bxf8 14. Nc3 dxc3 15. Qxd5 Bxd5 16. gxf8Q Rdxf8 17. Bxf8 Rxf8 18. bxc3 Be6 19. Re4 Rg8 20. g3 Kd7 21. h4 Ke7 22. Rd1 Kf6 23. Rf4+ Ke7 24. Re1 b5 25. a4 a6 26. axb5 axb5 27. Rb1 Rb8 28. Kg2 b4 29. cxb4 Rxb4 30. Re1 c3 31. Rf3 Rc4 32. h5 Nd4 33. Rf4 c5 34. h6 Rb4 35. Re5 Kd6 36. Rg5 Rb8 37. Rh4 Bd5+ 38. Kf1 Nf3 39. h7 Nxg5 40. h8Q Rxh8 41. Rxh8 Be4 42. Rd8+ Kc6 43. Rd1 Nf3 44. Ke2 Nd4+ 45. Ke3 Bxc2 46. Rxd4 cxd4+ 47. Kxd4 Bg6 48. Kxc3 Kd5 49. Kd2 Ke4 50. Ke2 Bh5+ 51. Kf1 Kf3 52. Kg1 Bg4 53. Kf1 Bh3+ 54. Kg1 Bg2 55. Kh2 Kxf2 56. g4 Be4 57. Kh3 Kf3 58. Kh4 Kf4 59. Kh5 Bg6+ 60. Kh4 f6 61. Kh3 Kg5 62. Kg3 Be8 63. Kf3 Bd7 0-1

[Event "Benidorm Next Generation U12/U14 15th"]
[Site "Benidorm"]
[Date "2019.11.30"]
[Round "3.5"]
[White "Martinez Rodriguez, Francisco Salvador"]
[Black "Rubial Blanco, Heriberto"]
[Result "1/2-1/2"]
[WhiteElo "1633"]
[BlackElo "1568"]
[PlyCount "111"]
[EventDate "2019.11.29"]
[EventType "swiss"]
[EventRounds "6"]
[EventCountry "ESP"]
[SourceTitle "EXT 2024"]
[Source "ChessBase"]
[SourceDate "2023.10.10"]
[SourceVersion "1"]
[SourceVersionDate "2023.10.10"]
[SourceQuality "1"]

1. e4 c5 2. Nf3 Nc6 3. d4 cxd4 4. Nxd4 Nf6 5. Nc3 e6 6. Be3 Bb4 7. Nxc6 bxc6 8. Bd2 d5 9. exd5 cxd5 10. Bb5+ Bd7 11. Bxd7+ Qxd7 12. 0-0 0-0 13. Ne2 Bxd2 14. Qxd2 Rac8 15. Ng3 Rc7 16. Rfc1 Rb8 17. c3 Rcb7 18. Rc2 Qa4 19. a3 Rb3 20. Re1 Qb5 21. Re2 h6 22. f3 Ne8 23. Qd4 a5 24. Nh5 Qb6 25. Qxb6 R8xb6 26. Nf4 Nd6 27. Nd3 Nc4 28. h3 Rb8 29. Kf2 Kh7 30. Kg3 Kg6 31. f4 Kf6 32. Ne5 Nxe5 33. fxe5+ Kg6 34. Kf2 R8b7 35. Kf1 Kf5 36. Rcd2 Kg6 37. Ke1 Rc7 38. Kd1 Kf5 39. Kc1 Rbb7 40. Rd3 Rc4 41. Rd4 Rbc7 42. Kd2 a4 43. Kd3 Kg6 44. Rf2 Rxd4+ 45. cxd4 Rb7 46. Kc2 f6 47. Rf3 fxe5 48. dxe5 Rd7 49. Kd3 Rc7 50. Rf4 Ra7 51. Rb4 Kf5 52. Kd4 Ra6 53. g4+ Kf4 54. Rb7 Rc6 55. Rb4 Ra6 56. Rb7 1/2-1/2

[Event "Benidorm Next Generation U12/U14 15th"]
[Site "Benidorm"]
[Date "2019.11.29"]
[Round "1.6"]
[White "Martinez Rodriguez, Francisco Salvador"]
[Black "Angola Barrios, Adrien"]
[Result "1-0"]
[WhiteElo "1633"]
[BlackElo "1167"]
[PlyCount "39"]
[EventDate "2019.11.29"]
[EventType "swiss"]
[EventRounds "6"]
[EventCountry "ESP"]
[SourceTitle "EXT 2024"]
[Source "ChessBase"]
[SourceDate "2023.10.10"]
[SourceVersion "1"]
[SourceVersionDate "2023.10.10"]
[SourceQuality "1"]

1. e4 e5 2. Nf3 Nf6 3. Nc3 Nc6 4. Bc4 Bc5 5. d3 h6 6. a3 0-0 7. h3 d6 8. Be3 Bxe3 9. fxe3 Bd7 10. 0-0 Re8 11. Qe1 a6 12. Nh4 Be6 13. Ba2 Qd7 14. Nf5 Bxf5 15. Rxf5 Ne7 16. Rf3 Rad8 17. Qg3 Ng6 18. Rxf6 gxf6 19. Qxg6+ Kh8 20. Bxf7 1-0

[Event "ESP-ch U10"]
[Site "Salobrena Granada"]
[Date "2017.07.03"]
[Round "2"]
[White "Martinez Rodriguez, Francisco Salvador"]
[Black "Bellver Gorshenin, Maxim"]
[Result "0-1"]
[WhiteElo "1155"]
[BlackElo "1597"]
[PlyCount "110"]
[EventDate "2017.07.03"]
[EventType "swiss"]
[EventRounds "9"]
[EventCountry "ESP"]
[SourceTitle "EXT 2024"]
[Source "ChessBase"]
[SourceDate "2023.10.10"]
[SourceVersion "1"]
[SourceVersionDate "2023.10.10"]
[SourceQuality "1"]

1. e4 e5 2. Nf3 Nc6 3. Bc4 Bc5 4. d3 Nf6 5. Bg5 d6 6. h3 h6 7. Bh4 Be6 8. Bb3 Qd7 9. Nbd2 0-0-0 10. Qe2 Rhg8 11. 0-0-0 g5 12. Bg3 Nh5 13. Bh2 Nf4 14. Bxf4 gxf4 15. Rhg1 Rg7 16. Kb1 Rdg8 17. Bxe6 Qxe6 18. Ne1 Nd4 19. Qf1 f5 20. c3 Nc6 21. Rh1 Bb6 22. Rc1 Ne7 23. Ndf3 fxe4 24. dxe4 d5 25. exd5 Nxd5 26. Ka1 e4 27. Nd4 Qe5 28. Qc4 e3 29. Nef3 Qe4 30. Rce1 Bxd4 31. Nxd4 Rxg2 32. fxe3 fxe3 33. a3 e2 34. Ka2 Nb6 35. Qc5 a6 36. Nb3 Qd3 37. Qh5 Qc2 38. Qe5 Na4 39. Rb1 Kb8 40. Qe3 e1Q 41. Rhxe1 Nxc3+ 42. Qxc3 Qxc3 43. Rec1 Qe5 44. Re1 Rxb2+ 45. Rxb2 Qxe1 46. Nc5 Qh1 47. Nxa6+ Kc8 48. Nc5 Qd5+ 49. Nb3 Rg3 50. h4 c5 51. a4 c4 52. Na5 c3+ 53. Rb3 c2 54. Nxb7 Qxb3+ 55. Ka1 Rg1# 0-1